[Event "6tth ch-EUR IBCA 2015"]
[Site "Lyon FRA"]
[Date "2015.07.29"]
[Round "5.15"]
[White "Schellmann, Frank"]
[Black "Deville, Olivier"]
[Result "1/2-1/2"]
[WhiteTitle "CM"]
[WhiteElo "2093"]
[BlackElo "1868"]
[WhiteFideId "4669916"]
[BlackFideId "624160"]
[EventDate "2015.07.25"]

1. e4 c5 2. c3 d6 3. d4 Nf6 4. Bd3 g6 5. dxc5 d5 6. exd5 Qxd5 7. Nf3 Bg4 8. Bb5+
Bd7 9. Qe2 Qxc5 10. Na3 Bg7 11. Be3 Qc8 12. Bxd7+ Nbxd7 13. O-O O-O 14. Rad1 a6
15. Nc4 Qc7 16. Bd4 Rfe8 17. Nce5 Rad8 18. Nxf7 e5 19. N3xe5 Nxe5 20. Nxe5 Nd5
21. f4 Nxf4 22. Rxf4 Bxe5 23. Bxe5 Rxd1+ 24. Qxd1 Rxe5 25. Rd4 Qe7 26. Rd8+ Kf7
27. Rd7 Re1+ 28. Qxe1 Qxd7 29. Qf2+ Kg8 30. Qd4 Qe6 31. h3 Qxa2 32. Qd8+ 1/2-1/2

[Event "6tth ch-EUR IBCA 2015"]
[Site "Lyon FRA"]
[Date "2015.07.29"]
[Round "5.16"]
[White "Rositsan, Boris"]
[Black "Gasperoni, Claudio"]
[Result "1-0"]
[WhiteTitle "FM"]
[WhiteElo "2051"]
[BlackElo "1867"]
[WhiteFideId "12802158"]
[BlackFideId "825450"]
[EventDate "2015.07.25"]

1. e4 e5 2. Nf3 Nc6 3. Bc4 Bc5 4. b4 Bxb4 5. c3 Be7 6. d4 Na5 7. Nxe5 Nxc4 8.
Nxc4 d5 9. Ne5 Nf6 10. exd5 Qxd5 11. O-O O-O 12. c4 Qe6 13. Re1 Bd6 14. f4 Bb4
15. Bd2 Qb6 16. c5 Qa5 17. Nc4 Qa6 18. Qc2 Bxd2 19. Nbxd2 Be6 20. Re3 Rad8 21.
Ra3 Qc6 22. Ne5 Qd5 23. Ndf3 a6 24. c6 Bc8 25. cxb7 Bxb7 26. Qxc7 Ne4 27. Ra5
Rc8 28. Qb6 Qd8 29. Qxb7 Qxa5 30. Qxe4 Qa3 31. h3 Rfe8 32. Ng5 g6 33. Ngxf7 Qb2
34. Rb1 Rc1+ 35. Rxc1 Qxc1+ 36. Kh2 Re6 37. Qa8+ 1-0

[Event "6tth ch-EUR IBCA 2015"]
[Site "Lyon FRA"]
[Date "2015.07.29"]
[Round "5.17"]
[White "Tonteri, Ari"]
[Black "Prpic, Milan"]
[Result "0-1"]
[WhiteElo "1938"]
[BlackElo "1839"]
[WhiteFideId "503479"]
[BlackFideId "14521270"]
[EventDate "2015.07.25"]

1. e4 c5 2. Nf3 Nc6 3. d4 cxd4 4. Nxd4 d6 5. Nc3 Nf6 6. Bc4 e6 7. Be3 Be7 8. Qe2
a6 9. O-O-O Qc7 10. Bb3 Na5 11. g4 Nxb3+ 12. axb3 b5 13. g5 Nd7 14. f4 Bb7 15.
b4 Nb6 16. f5 e5 17. Nb3 Nc4 18. Nd5 Bxd5 19. Rxd5 Rc8 20. Na1 Qc6 21. Rg1 Bd8
22. Bf2 g6 23. fxg6 fxg6 24. h4 Rf8 25. Bg3 Bb6 26. Rh1 Bd4 27. c3 Ne3 28. Nc2
Nxd5 29. exd5 Qxd5 30. Rd1 Qf3 31. Nxd4 Qxg3 32. Ne6 Rf2 33. Qe4 Rxc3+ 34. Kb1
Qf3 35. Qxf3 Rcxf3 36. Rxd6 Rb3 37. Rxa6 Rbxb2+ 38. Ka1 Rxb4 39. Ra7 Rxh4 40.
Ng7+ Kd8 41. Ne6+ Kc8 0-1

[Event "6tth ch-EUR IBCA 2015"]
[Site "Lyon FRA"]
[Date "2015.07.29"]
[Round "5.18"]
[White "Hervais, Adrien"]
[Black "Klimis, Laertis"]
[Result "1-0"]
[WhiteElo "2029"]
[BlackElo "1864"]
[WhiteFideId "612294"]
[BlackFideId "4206983"]
[EventDate "2015.07.25"]

1. e4 e6 2. d4 d5 3. Nd2 Nf6 4. e5 Nfd7 5. Bd3 c5 6. c3 cxd4 7. cxd4 Nc6 8. Ne2
f6 9. exf6 Nxf6 10. Nf3 Bd6 11. O-O O-O 12. Bg5 Qb6 13. b3 Ne4 14. Qb1 Rxf3 15.
Bxe4 dxe4 16. gxf3 Qb5 17. d5 Qxd5 18. f4 Qd3 19. Ng3 h6 20. Rd1 Qxb1 21. Raxb1
Bc7 22. Bh4 Bxf4 23. Nxe4 e5 24. f3 Bf5 25. Kg2 Nb4 26. Rb2 Nc6 27. Nd6 Be6 28.
Nxb7 Nd4 29. Bf2 Nb5 30. Rc2 Rb8 31. Rd8+ Rxd8 32. Nxd8 Bf5 33. Rc5 Bd3 34. Ne6
Bd2 35. a4 Nc3 36. Rc8+ Kf7 37. Rd8 e4 38. Nc5 Ke7 39. Rd7+ Ke8 40. Rxg7 exf3+
41. Kxf3 Be2+ 42. Kg2 a5 43. Bd4 Nd5 44. Kf2 Bh5 45. Ra7 Bd1 46. Rb7 Bc2 47. Ne6
Bb4 48. Nc5 h5 49. Kg3 Be1+ 50. Kf3 Bb4 51. Rb5 Nc7 52. Rb8+ Ke7 53. Be5 Bxc5
54. Bxc7 Bb4 55. Rb5 Bxb3 56. Bxa5 Bd1+ 57. Kg2 Bd6 58. Rb7+ Ke6 59. Rb6 Kd7 60.
Bb4 Bc7 61. Ra6 Kc8 62. a5 Be2 63. Rh6 Kb7 64. Kf2 Bg4 65. a6+ Ka8 66. Bc5 Be5
67. Rg6 Bc8 68. Rg8 Kb8 69. a7+ Kb7 70. Rxc8 1-0

[Event "6tth ch-EUR IBCA 2015"]
[Site "Lyon FRA"]
[Date "2015.07.29"]
[Round "5.19"]
[White "Wikman, Bengt"]
[Black "Carapit, Vasile"]
[Result "1/2-1/2"]
[WhiteElo "1886"]
[BlackElo "1768"]
[WhiteFideId "503681"]
[BlackFideId "1215140"]
[EventDate "2015.07.25"]

1. e4 e6 2. d4 d5 3. Nd2 Nf6 4. Bd3 dxe4 5. Nxe4 Be7 6. Nf3 O-O 7. O-O Nbd7 8.
c4 b6 9. Qc2 Bb7 10. Nxf6+ Nxf6 11. Bg5 h6 12. Bxf6 Bxf6 1/2-1/2

[Event "6tth ch-EUR IBCA 2015"]
[Site "Lyon FRA"]
[Date "2015.07.29"]
[Round "5.20"]
[White "Lapadatu, Teodor"]
[Black "Pirosca, Alexandru"]
[Result "1/2-1/2"]
[WhiteElo "1846"]
[BlackElo "2003"]
[WhiteFideId "1212508"]
[BlackFideId "1211110"]
[EventDate "2015.07.25"]

1. Nf3 Nf6 2. g3 g6 3. Bg2 Bg7 4. O-O d5 5. d3 O-O 6. Nbd2 c5 7. c3 Nc6 8. e4 e6
9. exd5 exd5 10. Nb3 b6 11. d4 Ne4 12. dxc5 bxc5 13. Be3 Rb8 1/2-1/2

[Event "6tth ch-EUR IBCA 2015"]
[Site "Lyon FRA"]
[Date "2015.07.29"]
[Round "5.21"]
[White "Muri, Emil"]
[Black "Schmeisser, Andre"]
[Result "0-1"]
[WhiteElo "1951"]
[BlackElo "1740"]
[WhiteFideId "14601354"]
[BlackFideId "634107"]
[EventDate "2015.07.25"]

1. e4 c5 2. Nf3 e6 3. b3 Nc6 4. Bb2 b6 5. Bb5 Bb7 6. O-O Nge7 7. Re1 d6 8. Bf1
Rc8 9. d3 Ng6 10. g3 Qc7 11. Nbd2 a6 12. Ng5 h6 13. Ngf3 e5 14. Nc4 Nd4 15. c3
Ne6 16. Ne3 Ne7 17. Nh4 g6 18. Bh3 Bg7 19. Bc1 O-O 20. Bd2 Qb8 21. Ng4 Kh7 22.
Qc1 Ng8 23. Nf5 gxf5 24. exf5 Ng5 25. Bxg5 hxg5 26. f6 Nxf6 27. Qxg5 Nxg4 28.
Bxg4 Rh8 29. Bf5+ Kg8 30. Bxc8 Qxc8 31. h4 Qh3 32. Re4 Bxe4 33. dxe4 Qd7 34. Kg2
f6 35. Qe3 Qg4 36. Rh1 f5 37. exf5 Qxf5 38. Qd2 Qe6 39. c4 Bh6 40. Qd3 e4 41.
Qe2 Rh7 42. Re1 Re7 43. Qh5 e3 44. f3 e2 45. f4 Bg7 46. Qf3 Bd4 47. f5 Qe5 48.
g4 Bc3 49. f6 Bxe1 50. fxe7 Qxe7 51. Qd5+ Kg7 52. h5 Bd2 53. h6+ Bxh6 0-1

[Event "6tth ch-EUR IBCA 2015"]
[Site "Lyon FRA"]
[Date "2015.07.29"]
[Round "5.22"]
[White "Drazetic, Novica"]
[Black "Bindzus, Ernst"]
[Result "0-1"]
[WhiteElo "1613"]
[BlackElo "1890"]
[WhiteFideId "14529483"]
[BlackFideId "1411950"]
[EventDate "2015.07.25"]

1. e4 c5 2. c3 g6 3. d4 cxd4 4. cxd4 d5 5. e5 Bg7 6. h3 Nc6 7. Nc3 Nh6 8. g4 O-O
9. Bg2 Be6 10. Be3 f6 11. f4 Qc7 12. Nf3 Rad8 13. O-O Nf7 14. Ne2 h5 15. gxh5
gxh5 16. Kh2 Nh6 17. Nh4 Kf7 18. Ng3 Bg4 19. Qd3 f5 20. hxg4 Nxg4+ 21. Kg1 e6
22. Bf3 Qe7 23. Nhxf5 exf5 24. Qxf5+ Kg8 25. Qxh5 Nxe3 26. Rf2 Nxd4 27. Rh2
Nxf3+ 28. Qxf3 Qxe5 29. Nh5 Rd7 30. Kf2 Qxb2+ 31. Kxe3 Re8+ 32. Kd3 Qc3# 0-1

[Event "6tth ch-EUR IBCA 2015"]
[Site "Lyon FRA"]
[Date "2015.07.29"]
[Round "5.23"]
[White "Holmela, Kari"]
[Black "Megelas, Florent"]
[Result "1-0"]
[WhiteElo "1871"]
[BlackElo "1504"]
[WhiteFideId "505528"]
[BlackFideId "642797"]
[EventDate "2015.07.25"]

1. d4 d5 2. Nc3 Nf6 3. Bg5 Nbd7 4. Nf3 c6 5. e3 h6 6. Bh4 e6 7. Bd3 Bd6 8. Bg3
Qc7 9. e4 dxe4 10. Bxe4 Nxe4 11. Nxe4 Bxg3 12. hxg3 b6 13. Qe2 Bb7 14. O-O-O O-O
15. Kb1 c5 16. Nc3 a6 17. g4 Bxf3 18. gxf3 b5 19. g5 b4 20. Ne4 cxd4 21. gxh6
Rfc8 22. hxg7 Kxg7 23. Qd2 Kf8 24. Qxb4+ Nc5 25. Qxc5+ Qxc5 26. Nxc5 Ke7 27. Ne4
Rd8 28. Rd3 Rac8 29. Rhd1 e5 30. Rb3 Rd7 31. Rb6 Rdc7 32. Nd6 Rd8 33. Nf5+ Kd7
34. Rxa6 1-0

[Event "6tth ch-EUR IBCA 2015"]
[Site "Lyon FRA"]
[Date "2015.07.29"]
[Round "5.24"]
[White "Nedu, Razvan"]
[Black "Martinez Colomar, Alejandro"]
[Result "0-1"]
[WhiteElo "1551"]
[BlackElo "1853"]
[WhiteFideId "1246119"]
[BlackFideId "32031491"]
[EventDate "2015.07.25"]

1. e4 c5 2. Nf3 d6 3. d4 cxd4 4. Nxd4 Nf6 5. Nc3 g6 6. g3 Bg7 7. Bg2 O-O 8. O-O
Nc6 9. h3 Nxd4 10. Qxd4 Be6 11. Kh2 Ng4+ 12. hxg4 Bxd4 13. Ne2 Bg7 14. f3 Rc8
15. c3 Bc4 16. Re1 Qb6 0-1

[Event "6tth ch-EUR IBCA 2015"]
[Site "Lyon FRA"]
[Date "2015.07.29"]
[Round "5.25"]
[White "Dalschaert, Didier"]
[Black "Eichstaedt, Mirko"]
[Result "1-0"]
[WhiteElo "1836"]
[BlackElo "1997"]
[WhiteFideId "214019"]
[BlackFideId "24692310"]
[EventDate "2015.07.25"]

1. e4 c5 2. Nf3 e6 3. d4 cxd4 4. Nxd4 Nc6 5. a3 Qc7 6. c4 a6 7. Nc3 Nf6 8. Be2
Be7 9. Be3 d6 10. Rc1 Bd7 11. O-O O-O 12. f4 Rac8 13. Bf3 Qb8 14. Qe2 b5 15.
cxb5 Nxd4 16. Bxd4 axb5 17. Qf2 Bc6 18. e5 Nd7 19. Bxc6 Rxc6 20. Nd5 exd5 21.
Rxc6 dxe5 22. fxe5 Nxe5 23. Qg3 f6 24. Bxe5 fxe5 25. Rxf8+ Bxf8 26. Qb3 Qa7+ 27.
Kf1 Qd4 28. Rc8 e4 29. Qb4 Qxb4 30. axb4 Kf7 31. Rd8 Bxb4 32. Rxd5 Ke6 33. Rxb5
Bd6 34. Rb6 Kd5 35. Rxd6+ Kxd6 36. Ke2 Ke5 37. Ke3 h5 38. b4 1-0

[Event "6tth ch-EUR IBCA 2015"]
[Site "Lyon FRA"]
[Date "2015.07.29"]
[Round "5.26"]
[White "Steinhart, Matthias"]
[Black "Dietsche, Birgit"]
[Result "1-0"]
[WhiteElo "1768"]
[BlackElo "1487"]
[WhiteFideId "24615340"]
[BlackFideId "4637488"]
[EventDate "2015.07.25"]

1. e4 e5 2. Nf3 Nf6 3. Nxe5 d6 4. Nf3 Nxe4 5. Bd3 d5 6. Qe2 Qe7 7. O-O Nc5 8.
Re1 Qxe2 9. Bxe2 Be7 10. d4 Ne4 11. Bd3 Nf6 12. Bg5 O-O 13. Rxe7 1-0

[Event "6tth ch-EUR IBCA 2015"]
[Site "Lyon FRA"]
[Date "2015.07.29"]
[Round "5.27"]
[White "Murgia, Stefano"]
[Black "Bremer, Erik"]
[Result "1-0"]
[WhiteElo "1705"]
[BlackElo "1475"]
[WhiteFideId "876011"]
[BlackFideId "1411578"]
[EventDate "2015.07.25"]

1. e4 c5 2. Nf3 d6 3. d4 cxd4 4. Nxd4 Nf6 5. Nc3 a6 6. Qf3 Nc6 7. Be3 e6 8. h3
Be7 9. g4 Qc7 10. g5 Nd7 11. O-O-O Nde5 12. Qg3 Bd7 13. Nb3 b5 14. f4 Nc4 15.
Bf2 O-O 16. f5 exf5 17. Nd5 Qd8 18. Nd4 Bxg5+ 19. Kb1 Nxd4 20. Bxd4 f4 21. Nxf4
Bf6 22. Bxc4 bxc4 23. Rhg1 g6 24. Nh5 Bxd4 25. Rxd4 Kh8 26. Rxd6 Qe7 27. Nf6 Be6
28. Qh4 Kg7 29. Nh5+ 1-0

[Event "6tth ch-EUR IBCA 2015"]
[Site "Lyon FRA"]
[Date "2015.07.29"]
[Round "5.29"]
[White "Siret, Bernard"]
[Black "Duthoit, Bernard"]
[Result "1/2-1/2"]
[WhiteElo "1698"]
[BlackElo "1372"]
[WhiteFideId "20618948"]
[BlackFideId "20652143"]
[EventDate "2015.07.25"]

1. d4 e5 2. e4 Nf6 3. Be2 exd4 4. Nf3 Bb4+ 5. Bd2 Bc5 6. c3 d5 7. e5 Ne4 8. cxd4
Nxf2 9. Kxf2 Bxd4+ 10. Nxd4 Qh4+ 11. Ke3 Qg5+ 12. Kf2 Qh4+ 13. Ke3 Qg5+ 1/2-1/2

[Event "6tth ch-EUR IBCA 2015"]
[Site "Lyon FRA"]
[Date "2015.07.29"]
[Round "5.30"]
[White "L'herbon De Lussats, Jean"]
[Black "Cizman, Gregor"]
[Result "0-1"]
[WhiteElo "1416"]
[BlackElo "1618"]
[WhiteFideId "20652194"]
[BlackFideId "14605660"]
[EventDate "2015.07.25"]

1. e4 c6 2. c4 d5 3. cxd5 cxd5 4. e5 a6 5. d4 Bf5 6. Nf3 e6 7. a3 Nc6 8. Bd3
Nge7 9. Be3 Bg4 10. O-O Nf5 11. Bxf5 Bxf5 12. Nbd2 Be7 13. b4 O-O 14. Nb3 Qb6
15. Rc1 Rfc8 16. Qd2 h6 17. Nc5 a5 18. Nd3 Bxd3 19. Qxd3 axb4 20. Rb1 Qa6 21.
Qxa6 Rxa6 22. axb4 Bxb4 23. Rb3 Rca8 24. h3 Ra1 25. Bc1 b5 26. Bb2 Rxf1+ 27.
Kxf1 Rb8 28. Ne1 Bxe1 29. Kxe1 b4 30. Kd1 Kf8 31. Kc2 Na5 32. Rf3 Rc8+ 33. Kb1
Rc4 34. g4 g6 35. h4 Ke7 36. Rd3 Nc6 37. Ka2 Rc2 38. f3 Rh2 39. h5 gxh5 40. gxh5
Rxh5 41. Rd1 Rh2 42. Rc1 Kd7 43. Kb3 Rd2 44. Rh1 Nxd4+ 45. Bxd4 Rxd4 46. Rxh6
Rf4 47. Rf6 Rxf6 48. exf6 Kd6 49. f4 Kc5 50. Kc2 Kc4 51. Kd2 d4 52. Ke2 Kc3 53.
Kf3 d3 54. Ke4 d2 55. f5 exf5+ 56. Kxf5 d1=Q 0-1

[Event "6tth ch-EUR IBCA 2015"]
[Site "Lyon FRA"]
[Date "2015.07.30"]
[Round "6.1"]
[White "Dukaczewski, Piotr"]
[Black "Babarykin, Stanislav"]
[Result "1-0"]
[WhiteTitle "IM"]
[BlackTitle "FM"]
[WhiteElo "2237"]
[BlackElo "2357"]
[WhiteFideId "1103520"]
[BlackFideId "4101898"]
[EventDate "2015.07.25"]

1. c4 e5 2. g3 Nf6 3. Bg2 d5 4. cxd5 Nxd5 5. Nc3 Nb6 6. e3 Be7 7. Nge2 O-O 8.
O-O Nc6 9. f4 exf4 10. Nxf4 Ne5 11. d4 Ng6 12. Nxg6 hxg6 13. a4 c5 14. a5 Nc4
15. a6 Rb8 16. b3 cxd4 17. exd4 Nd6 18. Nd5 Bg5 19. axb7 Bxb7 20. Ba3 Re8 21.
Qf3 Nf5 22. g4 Nh4 23. Qxf7+ Kh8 24. Bh1 Bc6 25. Rae1 Rxe1 26. Rxe1 Kh7 27. Be7
Qd7 28. Qe6 Re8 29. Qxd7 Bxd7 30. Kf2 Bxe7 31. Rxe7 Rxe7 32. Nxe7 Kh6 33. Kg3 g5
34. Be4 g6 35. Nc6 1-0

[Event "6tth ch-EUR IBCA 2015"]
[Site "Lyon FRA"]
[Date "2015.07.30"]
[Round "6.2"]
[White "Tazbir, Marcin"]
[Black "Ross, Chris N"]
[Result "1-0"]
[WhiteTitle "GM"]
[BlackTitle "CM"]
[WhiteElo "2516"]
[BlackElo "2184"]
[WhiteFideId "1122452"]
[BlackFideId "410411"]
[EventDate "2015.07.25"]

1. e4 c5 2. Nf3 e6 3. d3 d5 4. Qe2 Nf6 5. g3 Nc6 6. Bg2 Be7 7. O-O O-O 8. e5 Ne8
9. c4 Nc7 10. Nc3 a6 11. h4 b5 12. Bf4 Rb8 13. b3 Nd4 14. Nxd4 cxd4 15. Nb1 dxc4
16. dxc4 bxc4 17. bxc4 f5 18. Nd2 a5 19. Rfd1 d3 20. Qe3 Na6 21. Nb3 a4 22. Rxd3
Qc7 23. Nd4 Nb4 24. Rdd1 Bc5 25. Qe2 Ba6 26. Nxe6 Bxc4 27. Nxc7 Bxe2 28. Rd2 Bc4
29. Rc1 Rbc8 30. Rxc4 Rxc7 31. Kh2 Rcc8 32. a3 1-0

[Event "6tth ch-EUR IBCA 2015"]
[Site "Lyon FRA"]
[Date "2015.07.30"]
[Round "6.3"]
[White "Wassin, Sergej"]
[Black "Stachanczyk, Jacek"]
[Result "1/2-1/2"]
[WhiteTitle "FM"]
[BlackTitle "FM"]
[WhiteElo "2298"]
[BlackElo "2259"]
[WhiteFideId "14103494"]
[BlackFideId "1116657"]
[EventDate "2015.07.25"]

1. d4 Nf6 2. c4 g6 3. Nc3 Bg7 4. e4 d6 5. Nf3 O-O 6. Be2 e5 7. O-O exd4 8. Nxd4
Nc6 9. Be3 Re8 10. f3 Nh5 11. Nxc6 bxc6 12. Qd2 Qh4 13. Bf2 Qf4 14. Be3 Qh4 15.
Nd1 Qe7 16. Rc1 c5 17. Nc3 Bb7 18. Rfe1 Qh4 19. Bf2 Qf4 20. Be3 Bd4 21. Bd3 Qg5
22. Kh1 Bxe3 23. Qxe3 Qxe3 24. Rxe3 Nf4 25. Bc2 Re7 26. g3 Nh5 27. Rce1 Nf6 28.
Ba4 Rb8 29. b3 Nd7 30. Nd5 Bxd5 31. exd5 Rxe3 32. Rxe3 Nf6 33. Kg2 Kf8 34. f4 h5
35. Re2 Ng8 36. h3 Rd8 37. g4 hxg4 38. hxg4 f6 39. Kf3 Kf7 40. Rh2 Kg7 41. Re2
Kf7 42. Rh2 Kg7 1/2-1/2

[Event "6tth ch-EUR IBCA 2015"]
[Site "Lyon FRA"]
[Date "2015.07.30"]
[Round "6.4"]
[White "Nizam, Rasim"]
[Black "Meshkov, Yuri A."]
[Result "0-1"]
[WhiteTitle "IM"]
[BlackTitle "IM"]
[WhiteElo "2180"]
[BlackElo "2349"]
[WhiteFideId "2906708"]
[BlackFideId "4107101"]
[EventDate "2015.07.25"]

1. e4 c5 2. Nf3 Nc6 3. Bb5 g6 4. O-O Bg7 5. Re1 e5 6. Nc3 Nge7 7. a4 O-O 8. Bc4
d6 9. h3 h6 10. d3 Be6 11. Bd2 d5 12. exd5 Nxd5 13. Nxd5 Bxd5 14. Bc3 Bxc4 15.
dxc4 Re8 16. Nd2 f5 17. Nf1 e4 18. Bxg7 Kxg7 19. Qxd8 Raxd8 20. Rad1 Rd4 21. b3
Red8 22. Rc1 R4d7 23. f3 exf3 24. gxf3 f4 25. Re4 Rd4 26. Ree1 Kf6 27. Kf2 Kg5
28. Re2 Kh4 29. Kg2 g5 30. Rce1 R8d6 31. Re6 h5 32. Re8 Rd1 33. R1e4 Rc1 34. Re2
Rdd1 35. Rf2 Nd4 36. Rd8 Re1 37. Rd7 Nf5 0-1

[Event "6tth ch-EUR IBCA 2015"]
[Site "Lyon FRA"]
[Date "2015.07.30"]
[Round "6.5"]
[White "Dimic, Pavle"]
[Black "Draghici Flutur, Gavril"]
[Result "1-0"]
[WhiteTitle "FM"]
[WhiteElo "2305"]
[BlackElo "2125"]
[WhiteFideId "937428"]
[BlackFideId "1206508"]
[EventDate "2015.07.25"]

1. d4 Nf6 2. c4 g6 3. Nf3 Bg7 4. g3 O-O 5. Bg2 d6 6. O-O Nc6 7. Nc3 a6 8. Qd3
Bd7 9. d5 Nb4 10. Qd2 a5 11. Nd4 Na6 12. Rb1 Nc5 13. b3 Qc8 14. Re1 Bh3 15. Bh1
e5 16. dxe6 fxe6 17. Ba3 Ng4 18. Bxc5 Rxf2 19. Nxe6 dxc5 20. Ne4 Rxh2 21. Nxg7
Kxg7 22. Qc3+ Kh6 23. Nf6 Rxh1+ 24. Kxh1 Qf5 25. Nxg4+ Qxg4 26. Qe3+ g5 27. Qf3
Qe6 28. Rbd1 Re8 29. Kh2 c6 30. Qd3 Rf8 31. Qd6 Rf6 32. Qxe6 Rxe6 33. Kxh3 1-0

[Event "6tth ch-EUR IBCA 2015"]
[Site "Lyon FRA"]
[Date "2015.07.30"]
[Round "6.6"]
[White "Grigorchuk, Sergey"]
[Black "Pribeanu, Mihail-Dacian"]
[Result "1/2-1/2"]
[WhiteTitle "CM"]
[BlackTitle "FM"]
[WhiteElo "2295"]
[BlackElo "2120"]
[WhiteFideId "14114879"]
[BlackFideId "1209094"]
[EventDate "2015.07.25"]

1. d4 Nf6 2. c4 g6 3. Nc3 Bg7 4. e4 d6 5. Nf3 O-O 6. Be2 Nbd7 7. O-O e5 8. Re1
c6 9. Bf1 exd4 10. Nxd4 Ng4 11. h3 Qf6 12. hxg4 Qxd4 13. Bf4 Qb6 14. Na4 Qa5 15.
Bxd6 Rd8 16. e5 Re8 17. f4 Nb6 18. Nc5 Rd8 19. Ne4 Be6 20. c5 Nd5 21. g3 b6 22.
Qc1 Bxg4 23. a3 bxc5 24. Qxc5 Qb6 25. b4 h5 26. Qf2 Qxf2+ 27. Kxf2 Bf5 28. Rac1
a5 29. bxa5 Rxa5 30. Rxc6 h4 31. Nc3 hxg3+ 32. Kxg3 Rxd6 33. Rxd6 Nxc3 34. Ra6
Rc5 35. Bg2 Bf8 36. a4 Ne2+ 37. Rxe2 Bd3 38. Rxg6+ fxg6 39. Re3 Bf5 40. Be4 Kf7
41. Bxf5 gxf5 42. Rb3 Rc1 43. Rb7+ Be7 44. a5 Rc3+ 45. Kg2 Ra3 46. Ra7 Ke6 47.
a6 Bc5 48. Ra8 Kd5 49. Kh2 Ke4 50. Rc8 Be3 51. e6 Bxf4+ 52. Kg1 Ra2 53. Kf1 Bg5
54. e7 Bxe7 55. Re8 Kf3 56. Rxe7 Ra1+ 57. Re1 Rxa6 58. Rb1 Ra3 59. Kg1 f4 60.
Rb8 Ra1+ 61. Kh2 Re1 62. Rb4 Re4 63. Rb8 Kf2 64. Rb3 f3 65. Rb2+ Re2 66. Rb1 Ra2
67. Rb3 Ke2 68. Rb1 Rd2 69. Kg3 f2 70. Kg2 1/2-1/2

[Event "6tth ch-EUR IBCA 2015"]
[Site "Lyon FRA"]
[Date "2015.07.30"]
[Round "6.7"]
[White "Zsiltzova-Lisenko, Lubov"]
[Black "Mueller, Oliver"]
[Result "0-1"]
[WhiteTitle "WIM"]
[BlackTitle "FM"]
[WhiteElo "2224"]
[BlackElo "2269"]
[WhiteFideId "14101360"]
[BlackFideId "4633385"]
[EventDate "2015.07.25"]

1. e4 c5 2. Nf3 d6 3. d4 cxd4 4. Nxd4 Nf6 5. Nc3 a6 6. f4 g6 7. Bd3 Bg7 8. Nf3
Nc6 9. O-O O-O 10. Qe1 b5 11. Qh4 Qb6+ 12. Kh1 Qc5 13. f5 Ne5 14. Nxe5 Qxe5 15.
Bh6 Bb7 16. Rae1 Bxh6 17. Qxh6 Rae8 18. Rf4 e6 19. Ref1 exf5 20. exf5 Nh5 21. f6
Qe3 22. Be2 Qh3 23. Qg5 Nxf4 24. Rxf4 Re5 25. Qg3 Qxg3 26. hxg3 Rfe8 27. Bd3
Re1+ 28. Kh2 R8e5 29. g4 h5 30. a4 g5 31. Rd4 Re6 32. axb5 axb5 33. Nxb5 d5 34.
Nc7 Rxf6 35. Nxd5 Rh6 36. gxh5 Rxh5+ 37. Kg3 Rh4 38. Nf6+ Kg7 39. Rd6 Rg1 40.
Kf2 Rxg2+ 41. Ke3 Rg3+ 42. Kd2 Rf3 43. Nd7 Be4 44. Ne5 Rf5 45. Nc4 Rd5 46. Rb6
Bxd3 47. cxd3 Rxc4 0-1

[Event "6tth ch-EUR IBCA 2015"]
[Site "Lyon FRA"]
[Date "2015.07.30"]
[Round "6.8"]
[White "Clemente Llamero, Roberto"]
[Black "Komissarov, Alexey"]
[Result "1/2-1/2"]
[WhiteElo "2076"]
[BlackElo "2191"]
[WhiteFideId "2257696"]
[BlackFideId "4176545"]
[EventDate "2015.07.25"]

1. e4 c5 2. Nf3 d6 3. Bb5+ Bd7 4. Bxd7+ Qxd7 5. c4 g6 6. O-O Bg7 7. d4 cxd4 8.
Nxd4 Nf6 9. f3 O-O 10. Nc3 Rc8 11. b3 d5 12. exd5 Nxd5 13. Nxd5 e6 14. Be3 exd5
15. Rc1 dxc4 16. bxc4 Rd8 17. Nb5 Qe7 18. Qb3 a6 19. Na3 Nc6 20. Nc2 Rac8 21. c5
Rc7 22. Rfd1 Rcd7 23. Rxd7 Rxd7 24. Re1 Qd8 25. Bf2 h5 26. Qe3 Ne5 27. Bg3 Nd3
28. Qe8+ Qxe8 29. Rxe8+ Kh7 30. Bd6 Nxc5 31. Bxc5 Rc7 32. Bd4 Rxc2 33. Bxg7 Kxg7
34. a4 Rc4 35. a5 Rc5 36. Re7 Rxa5 37. Rxb7 Ra2 38. h4 a5 39. Kh2 a4 40. Ra7 a3
41. Kh3 Ra1 42. Kh2 Kf6 43. Kg3 Ke6 44. Kf4 Ra2 45. g4 hxg4 46. fxg4 Ra1 47. Kg3
f5 48. h5 f4+ 49. Kxf4 a2 50. Ra6+ Ke7 51. Ra7+ Ke6 52. Ra6+ Ke7 1/2-1/2

[Event "6tth ch-EUR IBCA 2015"]
[Site "Lyon FRA"]
[Date "2015.07.30"]
[Round "6.10"]
[White "Rositsan, Boris"]
[Black "Spinu, Evgeny"]
[Result "1-0"]
[WhiteTitle "FM"]
[BlackTitle "FM"]
[WhiteElo "2051"]
[BlackElo "2210"]
[WhiteFideId "12802158"]
[BlackFideId "13902784"]
[EventDate "2015.07.25"]

1. d4 d5 2. Nf3 Nf6 3. e3 e6 4. Bd3 c5 5. b3 Nc6 6. Bb2 Be7 7. Nbd2 cxd4 8. exd4
Nb4 9. Be2 O-O 10. a3 Nc6 11. Ne5 Qc7 12. Bd3 Bd7 13. O-O Be8 14. f4 Qb6 15.
Ndf3 Ne4 16. Kh1 f6 17. Ng4 Bd6 18. Bxe4 dxe4 19. Nd2 f5 20. Nc4 Qc7 21. Nge5
Rc8 22. d5 Bxe5 23. fxe5 exd5 24. Qxd5+ Bf7 25. e6 Ne7 26. exf7+ Rxf7 27. Qe6
Rf8 28. Ne5 Qxc2 29. Nxf7 Rxf7 30. Rad1 1-0

[Event "6tth ch-EUR IBCA 2015"]
[Site "Lyon FRA"]
[Date "2015.07.30"]
[Round "6.11"]
[White "Prpic, Milan"]
[Black "Fernandez Manrique, Agustin"]
[Result "0-1"]
[WhiteElo "1839"]
[BlackElo "2183"]
[WhiteFideId "14521270"]
[BlackFideId "2231000"]
[EventDate "2015.07.25"]

1. d4 Nf6 2. c4 g6 3. Nc3 Bg7 4. Nf3 O-O 5. e3 d6 6. Be2 Nbd7 7. O-O c6 8. Qc2
e5 9. b3 exd4 10. exd4 Nb6 11. a4 a5 12. Bg5 Qc7 13. Rad1 d5 14. c5 Nbd7 15. Na2
Ne4 16. Be3 Re8 17. Nc3 Ndf6 18. Nd2 Nxc3 19. Qxc3 Bf5 20. Rfe1 Re6 21. h3 Rae8
22. b4 axb4 23. Qxb4 Bxh3 24. Rb1 R6e7 25. Rb3 Bc8 26. Rd1 h5 27. Bf3 Nd7 28. g3
Nf8 29. Bf4 Re1+ 30. Kg2 Qd7 31. Rbb1 Qh3# 0-1